[Event "Las Vegas Masters"]
[Site "Las Vegas"]
[Date "2006.06.11"]
[Round "3.6"]
[White "Gokhale, Chandrashekhar"]
[Black "Friedel, Joshua"]
[Result "1/2-1/2"]
[WhiteElo "2368"]
[BlackElo "2465"]
[PlyCount "67"]
[EventDate "2006.06.??"]

1. d4 Nf6 2. c4 e6 3. Nc3 Bb4 4. Bg5 c5 5. d5 h6 6. Bh4 d6 7. e3 Bxc3+ 8. bxc3
e5 9. Qc2 Qe7 10. Nf3 Nbd7 11. Nd2 g5 12. Bg3 Nh5 13. Bd3 Kd8 14. f3 Nf4 15.
exf4 exf4+ 16. Kf2 Ne5 17. Rhe1 Qf8 18. Bf5 Kc7 19. Kg1 fxg3 20. hxg3 Qg7 21.
f4 gxf4 22. gxf4 Rg8 23. Re2 Ng6 24. Bxg6 Qxg6 25. Qxg6 Rxg6 26. Re8 Rb8 27.
Rae1 Bd7 28. Rxb8 Kxb8 29. Kf2 Kc8 30. Nf1 Kd8 31. Ne3 f5 32. Kf3 b6 33. g3 Rf6
34. Re2 1/2-1/2

[Event "Las Vegas Masters"]
[Site "Las Vegas"]
[Date "2006.06.11"]
[Round "3.10"]
[White "Belliard, Luis"]
[Black "Aigner, Michael"]
[Result "1-0"]
[WhiteElo "2240"]
[BlackElo "2245"]
[PlyCount "61"]
[EventDate "2006.06.??"]

1. d4 f5 2. c4 Nf6 3. Nc3 g6 4. f3 d6 5. e4 Nc6 6. d5 Ne5 7. f4 Nf7 8. exf5
Bxf5 9. Nf3 c5 10. Bd3 Qd7 11. O-O Bg7 12. Ng5 Bxd3 13. Qxd3 Nxg5 14. fxg5 Ng4
15. Ne2 O-O-O 16. h3 Ne5 17. Qc2 h6 18. Nf4 hxg5 19. Ne6 Bf6 20. Bxg5 Bxg5 21.
Nxg5 Rdf8 22. Ne6 Rf6 23. a3 Rxe6 24. dxe6 Qxe6 25. Rae1 Rh4 26. Qa4 Rxc4 27.
Qxa7 Qd5 28. Rf8+ Kd7 29. Qb8 Qc6 30. Qe8+ Kc7 31. Qd8# 1-0

[Event "Las Vegas Masters"]
[Site "Las Vegas"]
[Date "2006.06.11"]
[Round "3.12"]
[White "Kiewra, Keaton"]
[Black "Ippolito, Dean"]
[Result "1/2-1/2"]
[WhiteElo "2257"]
[BlackElo "2413"]
[PlyCount "66"]
[EventDate "2006.06.??"]

1. e4 e5 2. Nf3 Nf6 3. Nxe5 d6 4. Nf3 Nxe4 5. Nc3 Nxc3 6. dxc3 Be7 7. Be3 O-O
8. Qd2 Nc6 9. O-O-O Ne5 10. Kb1 Nxf3 11. gxf3 Be6 12. Rg1 f5 13. Bd4 Bf6 14.
Qh6 Qe7 15. Re1 Kh8 16. Qe3 Rae8 17. Bd3 Bxa2+ 18. Kc1 Qxe3+ 19. fxe3 Bd5 20.
Rg3 Re7 21. Re2 Bxd4 22. cxd4 f4 23. Rh3 h6 24. e4 Be6 25. Rh5 Bd7 26. Ra5 a6
27. h4 g6 28. Rg2 Be8 29. b4 c6 30. d5 cxd5 31. Rxd5 Rf6 32. Rd2 Bc6 33. Rd4
Rf5 1/2-1/2

[Event "Las Vegas Masters"]
[Site "Las Vegas"]
[Date "2006.06.11"]
[Round "3.13"]
[White "Bartholomew, John"]
[Black "Aramil, William"]
[Result "1-0"]
[WhiteElo "2406"]
[BlackElo "2215"]
[PlyCount "116"]
[EventDate "2006.06.??"]

1. e4 c5 2. Nf3 d6 3. d4 cxd4 4. Nxd4 Nf6 5. Nc3 g6 6. Be3 Bg7 7. f3 O-O 8. Qd2
Nc6 9. O-O-O d5 10. exd5 Nxd5 11. Nxc6 bxc6 12. Bd4 e5 13. Bc5 Be6 14. Ne4 Re8
15. h4 Rb8 16. b3 a5 17. a4 h6 18. g4 Re7 19. g5 Rd7 20. Bh3 Bxh3 21. Rxh3 h5
22. Rhh1 Qc7 23. Qe2 Rbd8 24. Qa6 Bf8 25. Qc4 Bg7 26. Qa6 Bf8 27. Bxf8 Kxf8 28.
Qc4 Kg7 29. Qc5 Qb7 30. Rd3 Qb4 31. Kb2 Rb7 32. c4 Rdb8 33. cxd5 Qxa4 34. Nd2
cxd5 35. Qxd5 Qe8 36. Re1 Rb5 37. Qd7 Qf8 38. Qd6 Qe8 39. Re4 R8b6 40. Qd7 Qb8
41. Rc4 e4 42. fxe4 Rb7 43. Qd8 Rxb3+ 44. Nxb3 Rxb3+ 45. Kc2 Rb2+ 46. Kd1 Qb7
47. Qd5 Qb8 48. Rf3 Rb7 49. Rc2 Qa7 50. Qc5 Rb1+ 51. Ke2 Qb7 52. Qd5 Qe7 53.
Kf2 a4 54. Qd4+ Kh7 55. Qxa4 Qe5 56. Kg2 Qe6 57. Qc4 Qg4+ 58. Rg3 Qd7 1-0

[Event "Las Vegas Masters"]
[Site "Las Vegas"]
[Date "2006.06.11"]
[Round "3.14"]
[White "Taylor, Timothy"]
[Black "Arjun, Vishnuvardhan"]
[Result "1/2-1/2"]
[WhiteElo "2330"]
[BlackElo "2221"]
[PlyCount "121"]
[EventDate "2006.06.??"]

1. d4 Nf6 2. c4 e6 3. Nc3 Bb4 4. a3 Bxc3+ 5. bxc3 c5 6. e3 Nc6 7. Bd3 O-O 8.
Ne2 b6 9. O-O Ba6 10. e4 Ne8 11. Qc2 Na5 12. e5 f5 13. exf6 Nxf6 14. Bg5 h6 15.
Bh4 Qc7 16. d5 Bxc4 17. Bxc4 Nxc4 18. dxe6 dxe6 19. Qa2 Na5 20. Qxe6+ Qf7 21.
Qh3 Rae8 22. Rfe1 Qc4 23. Bxf6 Rxf6 24. Ng3 Rxe1+ 25. Rxe1 Qxc3 26. Re8+ Kh7
27. Qc8 Qc1+ 28. Nf1 Qf4 29. f3 Nc4 30. h4 Qd4+ 31. Kh1 Qxh4+ 32. Nh2 Nd6 33.
Rh8+ Kg6 34. Qg8 Qe1+ 35. Nf1 Qxf1+ 36. Kh2 Qc4 37. Qh7+ Kh5 38. Qxg7 Qh4+ 39.
Kg1 Qe1+ 40. Kh2 Qh4+ 41. Kg1 Qg5 42. Qe7 Nf5 43. Qe8+ Rg6 44. g4+ Kh4 45. Qe1+
Ng3 46. Re8 Qf4 47. Kg2 Rf6 48. Qf2 Rd6 49. Re3 h5 50. Re4 Qd2 51. gxh5+ Kxh5
52. Qxd2 Rxd2+ 53. Kxg3 Rd3 54. a4 Rb3 55. a5 Kg6 56. Re7 bxa5 57. Rxa7 Ra3 58.
Kf4 c4 59. Ra6+ Kf7 60. Ke4 c3 61. Rc6 1/2-1/2

[Event "Las Vegas Masters"]
[Site "Las Vegas"]
[Date "2006.06.11"]
[Round "3.15"]
[White "Boor, Carl Brando"]
[Black "Puri, Vinny"]
[Result "1/2-1/2"]
[WhiteElo "2233"]
[BlackElo "2246"]
[PlyCount "105"]
[EventDate "2006.06.??"]

1. b4 e6 2. Bb2 Nf6 3. a3 d5 4. Nf3 Bd6 5. e3 Nbd7 6. c4 c6 7. Nc3 O-O 8. Be2
e5 9. d4 e4 10. Nd2 Bc7 11. Qc2 Nb6 12. Rc1 Ne8 13. a4 Qg5 14. g3 Be6 15. a5
Nd7 16. Ba3 a6 17. cxd5 cxd5 18. Nb3 Rc8 19. Qb2 Nd6 20. Nc5 Nxc5 21. bxc5 Nc4
22. Bxc4 dxc4 23. Bb4 Qh5 24. h4 Qf3 25. Rg1 Rfd8 26. Qc2 f5 27. Qe2 Qxe2+ 28.
Kxe2 Bd7 29. Kd2 Kf7 30. Nb1 Bb5 31. Kc3 Ke6 32. Nd2 Kd5 33. Rcf1 g6 34. f3
exf3 35. Rxf3 h5 36. e4+ fxe4 37. Re3 Re8 38. Rge1 Re6 39. Rxe4 Rxe4 40. Nxe4
Rf8 41. Re3 Rf1 42. Nd6 Kc6 43. Ne4 Rb1 44. d5+ Kd7 45. c6+ bxc6 46. Nf6+ Kc8
47. Re8+ Kb7 48. Re7 Rb3+ 49. Kd4 Rd3+ 50. Ke4 Kc8 51. Re8+ Kb7 52. Re7 Kc8 53.
Re8+ 1/2-1/2

[Event "Las Vegas Masters"]
[Site "Las Vegas"]
[Date "2006.06.11"]
[Round "3.16"]
[White "Bick, John"]
[Black "Murzin, Lenar"]
[Result "1-0"]
[WhiteElo "2238"]
[BlackElo "2195"]
[PlyCount "59"]
[EventDate "2006.06.??"]

1. d4 Nf6 2. c4 e6 3. Nc3 Bb4 4. a3 Bxc3+ 5. bxc3 d6 6. f3 O-O 7. e4 e5 8. Bd3
Re8 9. Ne2 Nbd7 10. Bg5 Nf8 11. g4 Qe7 12. d5 h6 13. Be3 N6d7 14. h4 b6 15. Ng3
Nc5 16. g5 hxg5 17. hxg5 Ng6 18. Ra2 Bd7 19. Rah2 f6 20. Nf5 Qd8 21. Rh7 Bxf5
22. exf5 Nf4 23. g6 Ncxd3+ 24. Kf1 Kf8 25. Rxg7 Kxg7 26. Rh7+ Kg8 27. Qd2 Nxg6
28. fxg6 Nf4 29. Qh2 Nxg6 30. Qh6 1-0

[Event "Las Vegas Masters"]
[Site "Las Vegas"]
[Date "2006.06.11"]
[Round "3.17"]
[White "Allen, Edward"]
[Black "Stoyko, Stephen"]
[Result "1/2-1/2"]
[WhiteElo "2196"]
[BlackElo "2293"]
[PlyCount "27"]
[EventDate "2006.06.??"]

1. d4 Nf6 2. c4 c5 3. d5 b5 4. cxb5 a6 5. bxa6 Bxa6 6. Nc3 d6 7. Nf3 g6 8. e4
Bxf1 9. Kxf1 Bg7 10. g3 O-O 11. Kg2 Nbd7 12. h3 Qa5 13. Re1 Rfb8 14. Qc2
1/2-1/2

[Event "Las Vegas Masters"]
[Site "Las Vegas"]
[Date "2006.06.11"]
[Round "3.18"]
[White "Adamson, Robby"]
[Black "Alvarez, Franklin"]
[Result "1/2-1/2"]
[WhiteElo "2354"]
[BlackElo "2188"]
[PlyCount "101"]
[EventDate "2006.06.??"]

1. e4 e5 2. Nf3 Nc6 3. Bb5 Nf6 4. O-O Be7 5. Nc3 d6 6. d4 exd4 7. Nxd4 Bd7 8.
Bxc6 bxc6 9. Qf3 O-O 10. e5 dxe5 11. Nxc6 Bxc6 12. Qxc6 Qd7 13. Qf3 Rab8 14. b3
Rb4 15. Bb2 Bd6 16. Rad1 Rf4 17. Qe2 Rh4 18. Nb5 Qc6 19. Nxd6 cxd6 20. c4 Rg4
21. g3 Rg6 22. Rfe1 h5 23. Ba3 Ng4 24. h3 Nh6 25. Qxh5 Qa6 26. Bc1 Qxa2 27. Rd3
Rb8 28. Qe2 Qa6 29. Bxh6 Rxh6 30. h4 Rf6 31. Red1 Qa3 32. Qe3 Rb6 33. Qc1 Qc5
34. Qd2 Qa3 35. Qc2 Qc5 36. Rc3 g6 37. Rd5 Qc6 38. Qd2 Kg7 39. Qe3 Ra6 40. Qd2
Ra1+ 41. Rc1 Rxc1+ 42. Qxc1 Qb6 43. Qc2 Rf3 44. Rd3 Rxd3 45. Qxd3 a5 46. Kf1
Qb4 47. Qc2 Qa3 48. Kg2 Qa1 49. Qd2 Qa3 50. Qc2 Qa1 51. Qd2 1/2-1/2

[Event "Las Vegas Masters"]
[Site "Las Vegas"]
[Date "2006.06.11"]
[Round "4.1"]
[White "Fontaine, Robert"]
[Black "Stein, Alan"]
[Result "1-0"]
[WhiteElo "2521"]
[BlackElo "2434"]
[PlyCount "143"]
[EventDate "2006.06.??"]

1. e4 e5 2. Nf3 Nc6 3. Bb5 Nf6 4. O-O Nxe4 5. d4 Nd6 6. Bxc6 dxc6 7. dxe5 Nf5
8. Qxd8+ Kxd8 9. Nc3 h6 10. h3 Ne7 11. Re1 Ng6 12. b3 Bb4 13. Bb2 Be6 14. Red1+
Kc8 15. Ne2 Re8 16. c4 a5 17. Ng3 Bf8 18. Nh5 c5 19. a4 Ra6 20. Rac1 Rb6 21.
Rd3 Rd8 22. Rxd8+ Kxd8 23. Nd2 Ne7 24. Rc3 Ra6 25. g4 Ra8 26. f4 g6 27. Rd3+
Kc8 28. Nf6 b6 29. Nde4 Kb7 30. Ng3 Bg7 31. Kf2 Rh8 32. Nfe4 Bc8 33. Kf3 h5 34.
gxh5 gxh5 35. Ng5 h4 36. N3e4 Rf8 37. Bc3 Bf5 38. Be1 Bh6 39. Rd2 Ng6 40. Re2
Rd8 41. Rd2 Bxe4+ 42. Nxe4 Rf8 43. Ng5 Bxg5 44. fxg5 Nxe5+ 45. Kf4 Re8 46. Bf2
Kc6 47. Kf5 Nd7 48. Rd3 Re5+ 49. Kf4 Re2 50. Bxh4 Ne5 51. Rc3 Ng6+ 52. Kf3 Rh2
53. Kg4 Ne5+ 54. Kf5 Ng6 55. Be1 Rh1 56. Re3 Rf1+ 57. Kg4 Rf4+ 58. Kg3 Kd6 59.
Bc3 Rf1 60. Re1 Rxe1 61. Bxe1 Ke5 62. Kg4 Ke4 63. Bg3 Kd3 64. Bxc7 Kc3 65. Bxb6
Kxb3 66. Bxc5 Kxc4 67. Bd6 Kd5 68. Bc7 Ke4 69. h4 Nf8 70. Bxa5 Nd7 71. Bc3 Nf8
72. a5 1-0

[Event "Las Vegas Masters"]
[Site "Las Vegas"]
[Date "2006.06.11"]
[Round "4.2"]
[White "Kritz, Leonid"]
[Black "Gonzalez, Renier"]
[Result "1/2-1/2"]
[WhiteElo "2578"]
[BlackElo "2470"]
[PlyCount "76"]
[EventDate "2006.06.??"]

1. e4 d5 2. exd5 Qxd5 3. Nc3 Qa5 4. d4 Nf6 5. Nf3 c6 6. Bc4 Bf5 7. Bd2 e6 8.
Nd5 Qd8 9. Nxf6+ gxf6 10. c3 Qc7 11. Nh4 Bg6 12. Qf3 Nd7 13. O-O O-O-O 14. b4
Rg8 15. Bb3 f5 16. Bg5 Re8 17. g3 h6 18. Bf4 Qd8 19. Nxg6 Rxg6 20. a4 Nf6 21.
b5 c5 22. a5 Ne4 23. b6 a6 24. Ba4 Re7 25. Rad1 c4 26. d5 e5 27. Bxh6 Nd6 28.
Bc1 Bg7 29. Ba3 e4 30. Qe3 Be5 31. Kh1 Qh8 32. f4 exf3 33. Rxf3 Kb8 34. Bxd6+
Bxd6 35. Qf2 Rh6 36. Kg1 Re5 37. Rd2 Qc8 38. Re2 Rxd5 1/2-1/2

[Event "Las Vegas Masters"]
[Site "Las Vegas"]
[Date "2006.06.11"]
[Round "4.6"]
[White "Hess, Robert"]
[Black "Perelshteyn, Eugene"]
[Result "1/2-1/2"]
[WhiteElo "2354"]
[BlackElo "2526"]
[PlyCount "112"]
[EventDate "2006.06.??"]

1. e4 c5 2. Nc3 g6 3. g3 Bg7 4. Bg2 Nc6 5. d3 d6 6. f4 Nf6 7. Nge2 O-O 8. h3
Ne8 9. g4 e5 10. Be3 exf4 11. Bxf4 Rb8 12. Qd2 b5 13. Bg5 f6 14. Bh6 Bxh6 15.
Qxh6 Ne5 16. Qe3 Nc7 17. Nf4 b4 18. Nce2 Bd7 19. O-O Qe7 20. Rad1 Rbe8 21. c3
bxc3 22. Nxc3 Nc6 23. Nfd5 Nxd5 24. Nxd5 Qe5 25. Qf4 Kg7 26. Rd2 Nd4 27. Rdf2
Qxf4 28. Nxf4 Bb5 29. Rd1 Rb8 30. Ne2 Ne6 31. Nf4 Nd4 32. Ne2 Ne6 33. Nf4 Nxf4
34. Rxf4 Ba6 35. b3 Rb4 36. Bf1 Rd4 37. Rd2 h6 38. Rf3 Bc8 39. Rdf2 Bd7 40. Be2
a5 41. Bd1 g5 42. Kh2 Be8 43. Kg3 h5 44. Re3 h4+ 45. Kf3 Bb5 46. Ke2 Re8 47.
Kd2 d5 48. Bf3 c4 49. Kc3 Rxd3+ 50. Rxd3 cxd3 51. exd5 Rc8+ 52. Kd4 Rc2 53. Ke3
Rc1 54. Kd2 Rc2+ 55. Ke3 Rc1 56. Kd2 Rc2+ 1/2-1/2

[Event "Las Vegas Masters"]
[Site "Las Vegas"]
[Date "2006.06.11"]
[Round "4.7"]
[White "Friedel, Joshua"]
[Black "Bartholomew, John"]
[Result "1/2-1/2"]
[WhiteElo "2465"]
[BlackElo "2406"]
[PlyCount "115"]
[EventDate "2006.06.??"]

1. e4 d5 2. exd5 Qxd5 3. Nc3 Qa5 4. d4 c6 5. Bc4 Bf5 6. Nf3 Nf6 7. Bd2 e6 8.
Nd5 Qd8 9. Nxf6+ gxf6 10. Bb3 Nd7 11. Qe2 Qc7 12. Nh4 Bg6 13. O-O-O O-O-O 14.
g3 Kb8 15. Ng2 Bd6 16. h4 h5 17. Nf4 Bf5 18. Nxh5 c5 19. g4 Rxh5 20. gxf5 Rxf5
21. Be3 cxd4 22. Rxd4 Bc5 23. Rc4 Rh8 24. c3 Qe5 25. Bc2 Rxf2 26. Rxc5 Rxe2 27.
Rxe5 fxe5 28. Bd2 Rg2 29. h5 f5 30. b4 Nf6 31. h6 Kc8 32. Rd1 e4 33. Bb3 Kd7
34. Bf4+ Ke7 35. Rd6 Nd5 36. Bxd5 exd5 37. Rxd5 Rg4 38. Rxf5 Ke6 39. Re5+ Kf6
40. Rxe4 Kf5 41. Be5 Rg1+ 42. Kc2 Re8 43. h7 Kxe4 44. h8=Q Rxh8 45. Bxh8 Rg2+
46. Kb3 Kd3 47. b5 Rg4 48. Bd4 Rxd4 49. cxd4 Kxd4 50. Kb4 Kd5 51. b6 a6 52. a4
Kd4 53. Ka5 Ke5 54. Kb4 Kd5 55. Ka5 Kc6 56. Kb4 Kxb6 57. a5+ Kc6 58. Kc4
1/2-1/2

[Event "Las Vegas Masters"]
[Site "Las Vegas"]
[Date "2006.06.11"]
[Round "4.8"]
[White "Ippolito, Dean"]
[Black "Gokhale, Chandrashekhar"]
[Result "1-0"]
[WhiteElo "2413"]
[BlackElo "2368"]
[PlyCount "75"]
[EventDate "2006.06.??"]

1. Nf3 d5 2. d4 c5 3. c4 e6 4. cxd5 exd5 5. g3 Nc6 6. Bg2 Nf6 7. O-O Be7 8. Nc3
O-O 9. Bg5 c4 10. Ne5 Be6 11. Rc1 Re8 12. e3 Rc8 13. f4 g6 14. Qf3 Ne4 15. Bxe7
Nxe7 16. Nxe4 dxe4 17. Qxe4 f6 18. Nxc4 Nf5 19. Qd3 Rxc4 20. Rxc4 Nxe3 21. Rcc1
Nxf1 22. Kxf1 Bxa2 23. b3 Qa5 24. Ra1 Kg7 25. Kf2 a6 26. Bf3 b5 27. h4 f5 28.
Kg2 Re1 29. b4 Qxb4 30. Rxa2 a5 31. Re2 a4 32. Rxe1 Qxe1 33. Qxb5 Qd2+ 34. Qe2
Qxd4 35. Qe5+ Qxe5 36. fxe5 g5 37. hxg5 Kg6 38. e6 1-0

[Event "Las Vegas Masters"]
[Site "Las Vegas"]
[Date "2006.06.11"]
[Round "4.9"]
[White "Kiewra, Keaton"]
[Black "Almeida, Alfonso A"]
[Result "0-1"]
[WhiteElo "2257"]
[BlackElo "2400"]
[PlyCount "66"]
[EventDate "2006.06.??"]

1. e4 c5 2. Nf3 d6 3. d4 cxd4 4. Nxd4 Nf6 5. Nc3 g6 6. Be3 Bg7 7. f3 Nc6 8. Qd2
O-O 9. g4 Ne5 10. O-O-O Bd7 11. h4 b5 12. h5 b4 13. Nb1 Qa5 14. hxg6 fxg6 15.
g5 Nh5 16. f4 Ng4 17. Bc4+ Kh8 18. f5 Qe5 19. fxg6 hxg6 20. Qe2 Rac8 21. Rxh5+
gxh5 22. Rh1 Rxc4 23. Qxc4 d5 24. Qe2 Qxe4 25. Rh3 Nxe3 26. Qxh5+ Kg8 27. Nd2
Rf1+ 28. Nxf1 Nxf1 29. Rd3 Bxd4 30. g6 Bg7 31. Rxd5 Qf4+ 32. Kb1 Nd2+ 33. Kc1
Nb3+ 0-1

[Event "Las Vegas Masters"]
[Site "Las Vegas"]
[Date "2006.06.11"]
[Round "4.10"]
[White "Alvarez, Franklin"]
[Black "Aigner, Michael"]
[Result "1/2-1/2"]
[WhiteElo "2188"]
[BlackElo "2245"]
[PlyCount "130"]
[EventDate "2006.06.??"]

1. e4 e5 2. Nf3 Nc6 3. Bc4 Bc5 4. O-O d6 5. c3 Bb6 6. h3 Nf6 7. d4 Qe7 8. Bg5
h6 9. Bh4 g5 10. Bg3 Nh5 11. Nxe5 Nxe5 12. Bxe5 dxe5 13. Qxh5 exd4 14. cxd4
Bxd4 15. Nc3 Bxc3 16. bxc3 Be6 17. Bxe6 Qxe6 18. f4 O-O-O 19. fxg5 Qxe4 20.
Rae1 Qd5 21. Qxf7 hxg5 22. Re7 Qc5+ 23. Kh2 Qd6+ 24. Kg1 Qc5+ 25. Kh2 Qd6+ 26.
Kg1 g4 27. Qf5+ Kb8 28. Re6 Qd2 29. Qxg4 Qxa2 30. Ref6 Qd5 31. Qf3 Qc5+ 32. Kh2
b6 33. Rf7 a5 34. Rf5 Qd6+ 35. Kh1 Ka7 36. Rb1 Ka6 37. Rfb5 Rhf8 38. Qh5 Qd3
39. Kh2 Rg8 40. R5b2 Rd5 41. Qf7 Rdg5 42. Qxc7 Rxg2+ 43. Rxg2 Rxg2+ 44. Kxg2
Qxb1 45. Qc8+ Kb5 46. Qd7+ Kc5 47. Qc7+ Kd5 48. Qd7+ Ke5 49. Qd4+ Ke6 50. Qc4+
Kf6 51. Qd4+ Kg6 52. Qg4+ Kf7 53. Qd7+ Kf6 54. Qd4+ Kg5 55. Qg4+ Kh6 56. Qh4+
Kg6 57. Qg4+ Kf6 58. Qd4+ Ke6 59. Qc4+ Kd6 60. Qd4+ Kc7 61. Qc4+ Kb8 62. Qg8+
Ka7 63. Qf7+ Ka6 64. Qc4+ Qb5 65. Qc8+ Ka7 1/2-1/2

[Event "Las Vegas Masters"]
[Site "Las Vegas"]
[Date "2006.06.11"]
[Round "4.11"]
[White "Arjun, Vishnuvardhan"]
[Black "Vigorito, David"]
[Result "1/2-1/2"]
[WhiteElo "2221"]
[BlackElo "2373"]
[PlyCount "65"]
[EventDate "2006.06.??"]

1. e4 e5 2. Bc4 Nc6 3. Nc3 Nf6 4. d3 Bc5 5. f4 d6 6. Nf3 Bg4 7. Na4 O-O 8. Nxc5
dxc5 9. f5 Qd6 10. Bg5 Nd4 11. c3 Bxf3 12. gxf3 b5 13. cxd4 bxc4 14. dxc5 Qxc5
15. Qc2 Rab8 16. O-O-O Rb6 17. dxc4 Rfb8 18. Rd3 Rd6 19. Rhd1 a5 20. Be3 Qc6
21. c5 Rxd3 22. Rxd3 h6 23. Qd2 Kh7 24. Rd8 Rxd8 25. Qxd8 Qb5 26. Qd1 Qc4+ 27.
Kb1 Nxe4 28. Bxh6 Nf2 29. Qg1 Qd3+ 30. Kc1 Qc4+ 31. Kb1 Qd3+ 32. Kc1 Qc4+ 33.
Kb1 1/2-1/2

[Event "Las Vegas Masters"]
[Site "Las Vegas"]
[Date "2006.06.11"]
[Round "4.12"]
[White "Rensch, Daniel"]
[Black "Bick, John"]
[Result "1-0"]
[WhiteElo "2360"]
[BlackElo "2238"]
[PlyCount "153"]
[EventDate "2006.06.??"]

1. e4 e5 2. Nf3 Nf6 3. Nxe5 d6 4. Nf3 Nxe4 5. d4 d5 6. Bd3 Bd6 7. O-O O-O 8. c4
c6 9. cxd5 cxd5 10. Nc3 Nxc3 11. bxc3 Bg4 12. Rb1 Nd7 13. h3 Bh5 14. Rb5 Nb6
15. c4 Bxf3 16. Qxf3 dxc4 17. Be4 Bc7 18. Bxb7 Rb8 19. Be4 Qd6 20. g3 Qd7 21.
Rg5 g6 22. h4 f5 23. Bc6 Qxd4 24. h5 Rf6 25. hxg6 hxg6 26. Kg2 Qc5 27. Bb7 Rxb7
28. Qxb7 Qc6+ 29. Qxc6 Rxc6 30. Rd1 Na4 31. g4 Nc3 32. Rd7 Ne2 33. gxf5 Nxc1
34. f6 Bf4 35. Rxg6+ Kf8 36. Rgg7 Rxf6 37. Rh7 Kg8 38. Rdg7+ Kf8 39. Rxa7 Kg8
40. Rhg7+ Kh8 41. Rgd7 Bh6 42. Rdc7 Nd3 43. Ra8+ Bf8 44. Rxc4 Rxf2+ 45. Kg3 Rf7
46. Rd8 Ne5 47. Rf4 Kg7 48. a4 Nc6 49. Rd1 Rxf4 50. Kxf4 Kf6 51. Ke4 Ke6 52.
Rd5 Bb4 53. Rb5 Kd6 54. Kd3 Ba5 55. Rh5 Kc7 56. Kc4 Kb6 57. Rh6 Bd2 58. Rd6 Bf4
59. Rf6 Be5 60. Re6 Ka7 61. Kd5 Bb8 62. Kxc6 Ka8 63. Kb6 Ba7+ 64. Ka6 Bb8 65.
Re7 Bg3 66. Ra7+ Kb8 67. Rg7 Bf2 68. Rg8+ Kc7 69. Rg2 Bd4 70. Rd2 Be3 71. Rb2
Bd4 72. Rb7+ Kc8 73. a5 Be3 74. Rb6 Bd2 75. Kb5 Be3 76. Kc6 Bd4 77. Rb3 1-0

[Event "Las Vegas Masters"]
[Site "Las Vegas"]
[Date "2006.06.11"]
[Round "4.13"]
[White "Sarkar, Justin"]
[Black "Belliard, Luis"]
[Result "1-0"]
[WhiteElo "2355"]
[BlackElo "2240"]
[PlyCount "121"]
[EventDate "2006.06.??"]

1. d4 Nf6 2. c4 c5 3. d5 b5 4. Nf3 d6 5. cxb5 a6 6. b6 Qxb6 7. Nc3 e5 8. Nd2
Be7 9. e4 O-O 10. Be2 Qd8 11. Nc4 Ne8 12. f4 exf4 13. Bxf4 Bh4+ 14. g3 Bf6 15.
e5 dxe5 16. Bxe5 Nd7 17. Bxf6 Ndxf6 18. Qd2 Nd6 19. Nxd6 Qxd6 20. O-O Rb8 21.
b3 Rb4 22. Bc4 Bd7 23. Rf4 Rbb8 24. Raf1 Rbe8 25. Qd3 Bh3 26. Rc1 Re5 27. Rh4
Qd7 28. Bxa6 g5 29. Bb5 Qa7 30. Ra4 Qe7 31. d6 Qb7 32. Qd2 Rd8 33. Bf1 g4 34.
Qf4 Re6 35. Rd1 Qc6 36. Ra6 Qb7 37. Ra4 Rde8 38. Qg5+ Kh8 39. Rf4 h6 40. Qxh6+
Nh7 41. d7 Rd8 42. Qh5 f6 43. Bxh3 gxh3 44. Qxh3 Re7 45. Rxf6 Rdxd7 46. Rxd7
Rxd7 47. Rf8+ Kg7 48. Rb8 Rd1+ 49. Nxd1 Qxb8 50. Qd7+ Kh8 51. Qe7 Qb4 52. Nf2
Qd4 53. Kg2 Nf6 54. Qe6 Nd5 55. Qh3+ Kg7 56. Qg4+ Qxg4 57. Nxg4 Nb4 58. Ne5
Nxa2 59. Nd3 c4 60. bxc4 Nc3 61. Kf3 1-0

[Event "Las Vegas Masters"]
[Site "Las Vegas"]
[Date "2006.06.11"]
[Round "4.14"]
[White "Puri, Vinny"]
[Black "Taylor, Timothy"]
[Result "0-1"]
[WhiteElo "2246"]
[BlackElo "2330"]
[PlyCount "78"]
[EventDate "2006.06.??"]

1. c4 f5 2. Nf3 Nf6 3. g3 d6 4. d4 c6 5. Bg2 Qc7 6. O-O e5 7. c5 e4 8. cxd6
Bxd6 9. Nfd2 Be6 10. Qc2 Qf7 11. b3 Nbd7 12. Nc4 Bc7 13. Ba3 O-O-O 14. Nd6+
Bxd6 15. Bxd6 h5 16. b4 Nb6 17. Be5 Ng4 18. b5 Nxe5 19. dxe5 Kb8 20. bxc6 Rc8
21. Na3 Rxc6 22. Qb2 h4 23. Rfc1 hxg3 24. hxg3 Rxc1+ 25. Rxc1 Bxa2 26. Nb5 Qb3
27. Qxb3 Bxb3 28. Nd4 Bd5 29. Nxf5 Re8 30. Rc5 g6 31. Ne3 Bc6 32. Bh3 Na4 33.
Rc4 Rxe5 34. Bg2 Rc5 35. Rd4 Nc3 36. Bf1 a5 37. Rd6 a4 38. Rxg6 a3 39. Nc2
Nxe2+ 0-1

[Event "Las Vegas Masters"]
[Site "Las Vegas"]
[Date "2006.06.11"]
[Round "4.16"]
[White "Belorusov, Mikhail"]
[Black "Allen, Edward"]
[Result "1-0"]
[WhiteElo "2309"]
[BlackElo "2196"]
[PlyCount "51"]
[EventDate "2006.06.??"]

1. e4 c5 2. b3 Nc6 3. Bb2 d6 4. Bc4 e6 5. Nf3 Nf6 6. Qe2 Be7 7. e5 dxe5 8. Nxe5
Nxe5 9. Qxe5 O-O 10. Nc3 a6 11. a4 b6 12. Rd1 Bd6 13. Qg5 e5 14. O-O Bb7 15.
Rfe1 h6 16. Qh4 Nd7 17. Qh3 Nf6 18. Re3 Qc8 19. Qh4 Qf5 20. Bd3 Qf4 21. Qg3
Qxg3 22. hxg3 Rfe8 23. Rde1 Re7 24. Nb1 Nd7 25. Bf5 f6 26. Rd3 1-0

[Event "Las Vegas Masters"]
[Site "Las Vegas"]
[Date "2006.06.11"]
[Round "4.17"]
[White "Aramil, William"]
[Black "Adamson, Robby"]
[Result "1/2-1/2"]
[WhiteElo "2215"]
[BlackElo "2354"]
[PlyCount "103"]
[EventDate "2006.06.??"]

1. d4 Nf6 2. c4 c5 3. d5 b5 4. cxb5 a6 5. b6 e6 6. Nc3 Nxd5 7. Nxd5 exd5 8.
Qxd5 Nc6 9. e4 Be7 10. Bc4 O-O 11. Nf3 Rb8 12. O-O Rxb6 13. Be3 d6 14. Qh5 Be6
15. Bxe6 fxe6 16. Rfd1 Qe8 17. Qxe8 Rxe8 18. b3 a5 19. Rac1 Nb4 20. Rd2 Rc8 21.
Kf1 Na6 22. Ne1 a4 23. bxa4 Rb4 24. f3 Rxa4 25. Rb2 Nb4 26. Bd2 Nxa2 27. Rcc2
Rca8 28. Rb7 Bf6 29. Rd7 c4 30. Rxd6 c3 31. Be3 Nb4 32. Rc1 Ra1 33. Rxe6 Rxc1
34. Bxc1 Ra1 35. Rb6 Rxc1 36. Rxb4 Bg5 37. Ke2 Rxe1+ 38. Kxe1 c2 39. Rc4 c1=Q+
40. Rxc1 Bxc1 41. Ke2 Kf7 42. g3 Ke6 43. f4 Ba3 44. h4 Kd6 45. h5 Kc5 46. Kf3
Kd4 47. g4 h6 48. g5 hxg5 49. fxg5 Ke5 50. h6 gxh6 51. gxh6 Kf6 52. Kg2 1/2-1/2

[Event "Las Vegas Masters"]
[Site "Las Vegas"]
[Date "2006.06.11"]
[Round "4.18"]
[White "Stoyko, Stephen"]
[Black "Murzin, Lenar"]
[Result "1/2-1/2"]
[WhiteElo "2293"]
[BlackElo "2195"]
[PlyCount "34"]
[EventDate "2006.06.??"]

1. e4 c5 2. Nf3 e6 3. d3 Nc6 4. g3 d5 5. Nbd2 Bd6 6. Bg2 Nge7 7. O-O Bc7 8. Nh4
O-O 9. f4 f5 10. Re1 Rb8 11. c3 b5 12. exf5 exf5 13. Nhf3 h6 14. Nb3 Bb6 15.
Be3 d4 16. cxd4 cxd4 17. Bf2 Qd6 1/2-1/2

[Event "Las Vegas Masters"]
[Site "Las Vegas"]
[Date "2006.06.12"]
[Round "5.5"]
[White "Golod, Vitali"]
[Black "Sevillano, Enrico"]
[Result "1-0"]
[WhiteElo "2571"]
[BlackElo "2472"]
[PlyCount "63"]
[EventDate "2006.06.??"]

1. d4 Nf6 2. c4 e6 3. Nc3 Bb4 4. Qc2 b6 5. a3 Bxc3+ 6. Qxc3 Ne4 7. Qc2 Bb7 8.
Nh3 f5 9. f3 Qh4+ 10. g3 Qf6 11. Bg2 Nd6 12. Be3 O-O 13. Rd1 Nc6 14. O-O a5 15.
c5 Nf7 16. cxb6 cxb6 17. d5 exd5 18. Bxb6 Nb4 19. Qc7 Nc2 20. Bc5 Rac8 21. Qxa5
Rfe8 22. Nf4 g5 23. Nxd5 Bxd5 24. Rxd5 Rxe2 25. Qb5 Qe6 26. Bf2 f4 27. Bh3 Qxh3
28. Qxe2 Rc6 29. Qe8+ Kg7 30. Qxd7 Re6 31. Rxg5+ Kf6 32. Rg4 1-0

[Event "Las Vegas Masters"]
[Site "Las Vegas"]
[Date "2006.06.12"]
[Round "5.6"]
[White "Bartholomew, John"]
[Black "Ippolito, Dean"]
[Result "1-0"]
[WhiteElo "2406"]
[BlackElo "2413"]
[PlyCount "75"]
[EventDate "2006.06.??"]

1. e4 e5 2. Nf3 Nf6 3. Nxe5 d6 4. Nf3 Nxe4 5. d4 d5 6. Bd3 Bd6 7. O-O O-O 8. c4
c6 9. cxd5 cxd5 10. Nc3 Nxc3 11. bxc3 Bg4 12. Rb1 Nd7 13. h3 Bh5 14. Rb5 Nb6
15. c4 Bxf3 16. Qxf3 dxc4 17. Bc2 Qd7 18. a4 g6 19. Bd2 c3 20. Qxc3 Rac8 21.
Qb3 Bb8 22. Bd1 Qxd4 23. Be3 Qd6 24. g3 Nc4 25. Bh6 Rfd8 26. Rxb7 Qf6 27. Bg4
Na5 28. Bg5 Qg7 29. Qb1 Nxb7 30. Bxc8 Rxc8 31. Qxb7 Re8 32. Rb1 Qc3 33. Kg2 a5
34. Rb3 Qd4 35. Qc6 Rf8 36. Rb7 Be5 37. Be7 Ra8 38. Qb6 1-0